00597nam a2200169 i 450000100060000000300090000600500170001500700030003200800410003510000300007624501270010625000240023326000730025730000470033070000180037785200320039565142ES-MaACL20230906165315.0t|040109s1957 sp ||||1| spa d1 aFrancé, Raoul Heinrich.13aLa maravillosa vida de los animales b: una zoología para todos /cR.H. Francé ; versión española por Julio Gadez. a2ª ed., 1ª reimp. aBarcelona : bLabor, c[1957] (fTalls. Gráfs. Ibero-Américanos) aVIII, 402 p., 32 lám. : bil. ; c22 cm.1 aGadez, Julio. aES-MaACLjC-12250 bR.40192